Badania rynku
Gespeichert in:
| 1. Verfasser: | |
|---|---|
| Weitere Verfasser: | |
| Format: | Buch |
| Sprache: | Polnisch |
| Veröffentlicht: |
Paris
Presses Universitaires de France
1999
|
| Schriftenreihe: | que sais - je?
|
| Schlagworte: | |
| Tags: |
Keine Tags, Fügen Sie das erste Tag hinzu!
|
MARC
| LEADER | 00000nam a2200000 4500 | ||
|---|---|---|---|
| 001 | c117661 | ||
| 005 | 20221221081631.3 | ||
| 020 | |a 83-87564-55-9 | ||
| 041 | 0 | |a pol | |
| 044 | |a PL | ||
| 245 | 1 | 0 | |a Badania rynku |c Armand Dayan ; [tlumaczenie: Magdalena Musial] |
| 264 | 1 | |a Paris |b Presses Universitaires de France |c 1999 | |
| 300 | |a 128 s. | ||
| 490 | 1 | |a que sais - je? | |
| 830 | 0 | |a que sais - je? | |
| 610 | 2 | 0 | |a výskum trhu |
| 610 | 2 | 0 | |a marketing |
| 610 | 2 | 0 | |a výskum |
| 610 | 2 | 0 | |a motivácia |
| 610 | 2 | 0 | |a techniky výskumné |
| 610 | 2 | 0 | |a informácie |
| 100 | 1 | |a Dayan, Armand | |
| 700 | 1 | |a Musial, Magdalena | |